Statistiken für Ninjago Staffeln Quiz

Klicken Sie hier um das Quiz zu spielen!

Allgemein

  • Dieses Quiz wurde 9 mal gespielt
  • Das Durchschnittsergebnis liegt bei 3 aus 15

Antwortstatistiken

StaffelName% Korrekt
3Ein Neustart
63%
5Morro
63%
1Jahr der Schlangen
50%
4Wettkampf der Elemente
50%
6Luftpiraten
38%
11Abenteuer in neuen Welten
0%
15Die Rückkehr
0%
7Garmadons Motorrad Gang
0%
14Geheimnis der Tiefe
0%
8Im Land der Drachen
0%
13Master of the Mountain/Abenteuer in neuen Welten
0%
12Prime Empire/Abenteuer in neuen Welten
0%
9Rückkehr der Oni
0%
10Verbotenes Spinjitzu
0%
2Vermächtnis des grünen Ninjas
0%

Verteilung der Resultate

Perzentil nach korrekt beantworteten Fragen

Anzahl Personen mit jedem Resultat

Ihre Resultats-Entwicklung

Sie haben dieses Quiz noch nicht gespielt